| 000 | 00920nam a2200277 a 4500 | ||
|---|---|---|---|
| 001 | BRL_105 | ||
| 005 | 20190320210606.0 | ||
| 008 | 900918s1991 nyua#####c---#000-0#eng-# | ||
| 020 | _a0870701894 | ||
| 040 |
_aDLC _cDLC |
||
| 041 | _aeng | ||
| 044 | _au | ||
| 050 | 4 |
_aN6493 _b.A78 1991 |
|
| 245 | 1 | 0 |
_aArt of the Forties _cedited by Riva Castleman ; with an essay by Guy Davenport. |
| 260 |
_aNueva York _bMuseum of Modern Art _cc1991 |
||
| 300 |
_a160 p. _bil. (algunas a color) _c28 cm. |
||
| 500 | _aIncluye lista de ilustraciones y cronología | ||
| 500 | _aCatálogo de la exposición realizada en The Museum of Modern Art, (Nueva York), 24 febrero - 30 abril, 1991 | ||
| 500 | _aAu157 | ||
| 650 | 1 | 4 |
_aArte moderno _vExposiciones _ySiglo XX _917959 |
| 700 | 1 |
_aCastleman, Riva _eed. _922928 |
|
| 700 | 1 |
_aDavenport, Guy _922929 |
|
| 710 | 2 |
_aMuseum of Modern Art _922930 |
|
| 902 | _aGRL | ||
| 942 |
_2lcc _cB |
||
| 999 |
_c8918 _d8918 |
||